Datum a čas kvízu

32 Celkem bodů Celkový počet nahraných bodů na tomto kvízu bez doplňovacích otázek.
2. Pořadí na kvízu Konečné umístění týmu na tomto kvízu.

Zaznamenané odpovědi

# Otázka Odpověď Body Výsledky
1. Jedno naše město bojuje proti... Brno 0
2. Jak se jmenuje město, které by... Vladivostok 1
3. Hlavní roli v pětadvacátém fil... Rami Malek 0
4. Osm sdílených elektrických kol... Do systému se nabourala skupina hackerů. 1
5. Petra Kvitová se na antukovém... Stuttgart 1
6. Na obrázku vidíme nizozemské m... Gouda 0
7. Jak se jmenuje bývalá nizozems... Beatrix 1
8. Nizozemsko se může pyšnit slav... Hieronymus Bosch 1
9. Nadnárodní společnost, která s... Ahold 1
10. Mezi nejoblíbenější sporty v N... Hendrik Johannes Cruijff (Johan Cruyff) 1